Riadenie krokového motora s využitím assembleru = Controlling of step motor with program language Assembler : Bakalárska práca

Saved in:
Bibliographic Details
Main Author: Plevjak, Jozef, 1984- (Author)
Other Authors: Kebísek, Michal, 1974- (xxx)
Format: Manuscript Book
Language:Slovak
Published: Trnava : STU v Bratislave MTF UIAM, 2008
Tags: Add Tag
No Tags, Be the first to tag this record!

MARC

LEADER 00000ntm a22000003a 4500
001 stu170255
005 20160719155854.5
008 080924s2008----xo------------------slo-d
040 |a STU  |b slo 
041 0 |a slo 
044 |a xo 
100 1 |a Plevjak, Jozef,  |d 1984-  |4 aut  |X 34376  |7 A000034376 
245 1 |a Riadenie krokového motora s využitím assembleru = Controlling of step motor with program language Assembler :  |b Bakalárska práca 
260 |a Trnava :  |b STU v Bratislave MTF UIAM,  |c 2008 
300 |a 51 s  |c 1 CD-ROM 
500 |a Program: Aplikovaná informatika a automatizácia v priemysle 
700 1 |a Kebísek, Michal,  |d 1974-  |4 xxx  |u M6000  |U MTF Materiálovotechnologická fakulta  |T MTF Ústav aplikovanej informatiky, automatizácie a matematiky  |X 2798  |U M6000  |Y 86  |7 A000002798 
996 |b 284M068560  |c M*BP-3242  |l MMSKP  |s P  |a 0  |w stu170255_0001